000 03046cam a2200373Ia 4500
001 50363
005 20230411090002.0
008 990204s1998 enk b 001 0 eng d
035 _a(OCoLC)ocm40733459
040 _aSNM
_cSNM
_dOCLCQ
_dNGW
_dOCLCQ
_dBAKER
_dYDXCP
020 _a0521645654 (pbk.)
020 _a9780521645652 (pbk.)
029 1 _aYDXCP
_b1480917
035 _a(OCoLC)40733459
043 _an-us---
090 _aHV2545
_b.C85 1998
049 _aGRAL
245 0 0 _aCultural and language diversity and the deaf experience
_ceditor, Ila Parasnis.
250 _a1st pbk. ed.
260 _aCambridge ;
_aNew York, NY :
_bCambridge University Press,
_c2007
300 _axiv, 306 p. ;
_c24 cm.
504 _aIncludes bibliographical references and index.
505 0 0 _gPart I. Bilingualism-biculturalism and the deaf experience: an overview.
_tOn interpreting the deaf experience within the context of cultural and language diversity /
_rIla Parasnis --
_tLiving with two languages and two cultures /
_rFrancois Grosjean --
_tPerspectives from the history and the politics of bilingualism and bilingual education in the United States /
_rKenji Hakuta, Elizabeth Feldman Mostafapour --
_tCognitive and language development of bilingual children /
_rJosiane F. Hamers.
505 0 0 _gPart II. Psychosocial, cognitive, and language experiences of deaf people.
_tFrom the cultural to the bicultural: the modern deaf community /
_rCarol A. Padden --
_tEarly bilingual lives of deaf children /
_rCarol A. Padden --
_tCommunication experiences of deaf people: an ethnographic account /
_rSusan B. Foster --
_tMarginality, biculturalism, and social identity of deaf people /
_rR. Greg Emerton --
_tAttitudes of the deaf community toward political activism /
_rGerald C. Bateman --
_tCultural and language diversity in the curriculum: toward reflective practice /
_rBonnie Meath-Lang --
_tMinority empowerment and the education of deaf people /
_rJoan B. Stone --
_tSocial assimilation of deaf high school students: the role of school environment /
_rThomas K. Holcomb.
505 0 0 _gPart III. The Deaf experience: personal reflections.
_tGrowing up deaf in deaf families: two different experiences /
_rSusan C. Searls, David R. Johnston --
_tAnother new birth: reflections of a deaf native signer /
_rPatrick A. Graybill --
_tRaising deaf children in hearing society: struggles and challenges for deaf native ASL signers /
_rGary E. Mowl --
_tIn search of self: experiences of a postlingually deaf African-American /
_rDianne K. Brooks --
_tLiving in a bilingual-bicultural family /
_rLynn Finton --
_tOn being both hearing and deaf: my bilingual-bicultural experience /
_rPatricia Mudgett-DeCaro.
650 0 _aDeaf
_zUnited States
_xSocial conditions.
650 0 _aLinguistic minorities
_zUnited States.
650 0 _aMulticulturalism
_zUnited States.
700 1 _aParasnis, Ila.
938 _aYBP Library Services
_bYANK
_n1480917
938 _aBaker & Taylor
_bBKTY
_c31.99
_d31.99
_i0521645654
_n0003196857
_sactive
942 _2lcc
_cbk
994 _aC0
_bDRFGD
999 _c110429
_d110429